000 00418cam a22001097a 4500
008 180718b1962 xxu||||| |||| 00| 0 eng d
082 _aA6x72983 Un3
245 _aTrinidad and Tobago: the making of the nation
_cby Reference Division, Central Office of Information
260 _aLondon
_bHer Majesty's Stationery Office
_c1962
300 _a46p.
700 _aUnited Kingdom. Central office of Information Reference Division
999 _c487239
_d487239